000 00692nam a2200277Ia 4500
005 20251020182507.0
008 200515s9999 xx 000 0 und d
020 _a968-24-3499-8
082 _a628.4.46/L51
100 _aLesur, Luis
245 0 _aManual del manejo de la basura : una guía paso a paso
250 _a1a ed.
260 _aMéxico, D.F.
260 _bTrillas
260 _c1998
300 _a96 p.
300 _bil., graf., fot., col.
490 _aCómo hacer bien y fácilmente
500 _a2 ejemplares
650 _aBASURA
650 _aBASURA Y DESPERDICIOS - ELIMINACION
650 _aMANUALES
942 _cLIB
999 _c1307
_d1307